000 00496nam a2200181Ia 4500
001 4037
005 20260306145726.0
008 260306t2023||||xx |||||||||||||| ||spa||
041 _aESP
082 _a306.8109862
_bT75
100 _aTorres Proaño, Alicia,
_eAUT
245 0 _aEl matrimonio en disputa. Género y raza en la Real Audiencia de Quito, siglos XVII-XVIII
260 _c2023
300 _ax, 231 páginas :
_c21 cm.
650 _aGEN
654 _aCED
942 _cLIB
_dJUS
_fJUS
_2ddc
_n
999 _c4037
_d4037